British pharmacopoeia 2016 (Record no. 16286)
[ view plain ]
| 000 -LEADER | |
|---|---|
| fixed length control field | 00519nam a22001457a 4500 |
| 008 - FIXED-LENGTH DATA ELEMENTS--GENERAL INFORMATION | |
| fixed length control field | 170131b xxu||||| |||| 00| 0 eng d |
| 020 ## - INTERNATIONAL STANDARD BOOK NUMBER | |
| International Standard Book Number | 0113230006 |
| 040 ## - CATALOGING SOURCE | |
| Original cataloging agency | KABU |
| Transcribing agency | KABU |
| 050 ## - LIBRARY OF CONGRESS CALL NUMBER | |
| Classification number | RS141.3 |
| Item number | .B75 2016 V.I C.1 |
| 245 ## - TITLE STATEMENT | |
| Title | British pharmacopoeia 2016 |
| 260 ## - PUBLICATION, DISTRIBUTION, ETC. (IMPRINT) | |
| Place of publication, distribution, etc. | London |
| Name of publisher, distributor, etc. | MHRA |
| Date of publication, distribution, etc. | 2015 |
| 300 ## - PHYSICAL DESCRIPTION | |
| Extent | I-xxxvii, 1296 p. |
| Accompanying material | General notes, monographs medicinal & pharamaceutical substances (A-I) |
| 650 ## - SUBJECT ADDED ENTRY--TOPICAL TERM | |
| Topical term or geographic name as entry element | Phraracopoeias |
| Geographic subdivision | Great Britain |
| 942 ## - ADDED ENTRY ELEMENTS (KOHA) | |
| Source of classification or shelving scheme | Library of Congress Classification |
| Koha item type | General Collection |
| Classification part | RS141.3 .B75 2015 V.I C.1 |
| Withdrawn status | Lost status | Source of classification or shelving scheme | Not for loan | Home library | Current library | Shelving location | Date acquired | Cost, normal purchase price | Total Checkouts | Full call number | Barcode | Date last seen | Copy number | Price effective from | Koha item type | Date last checked out |
|---|---|---|---|---|---|---|---|---|---|---|---|---|---|---|---|---|
| Library of Congress Classification | Kabarak, Main Campus | Kabarak, Main Campus | General Stacks | 31/01/2017 | 297800.00 | RS141.3 .B75 2015 V.I C.1 | 027133 | 31/01/2017 | C.1 | 31/01/2017 | Reference | |||||
| Library of Congress Classification | Kabarak, Main Campus | Kabarak, Main Campus | General Stacks | 31/01/2017 | 297800.00 | 1 | RS141.3 .B75 2016 V.II C.1 | 027134 | 08/07/2019 | C.1 | 31/01/2017 | Reference | 21/05/2019 | |||
| Library of Congress Classification | Kabarak, Main Campus | Kabarak, Main Campus | General Stacks | 31/01/2017 | 297800.00 | RS141.3 .B75 2015 V.III C.1 | 027135 | 31/01/2017 | C.1 | 31/01/2017 | Reference | |||||
| Library of Congress Classification | Kabarak, Main Campus | Kabarak, Main Campus | General Stacks | 31/01/2017 | 297800.00 | RS141.3 .B75 2015 IV C.1 | 027136 | 31/01/2017 | C.1 | 31/01/2017 | Reference | |||||
| Library of Congress Classification | Kabarak, Main Campus | Kabarak, Main Campus | General Stacks | 31/01/2017 | 297800.00 | 2 | RS141.3 .B75 2015 V C.1 | 027137 | 16/03/2019 | C.1 | 31/01/2017 | Reference | 12/03/2019 |